ბათუმის შოთა რუსთაველის სახელმწიფო უნივერსიტეტის ბიბლიოთეკა

გლობალური ბიზნესი=Global business (ბიბ.ჩანაწერი № 51519)

000 -LEADER
fixed length control field 00810nam a2200253Ia 4500
001 - CONTROL NUMBER
control field 18508
003 - CONTROL NUMBER IDENTIFIER
control field GE_BSU
008 - FIXED-LENGTH DATA ELEMENTS--GENERAL INFORMATION
fixed length control field 181216s||||||||xx |||||||||||||| ||und||
020 ## - INTERNATIONAL STANDARD BOOK NUMBER
International Standard Book Number 9789941177972
040 ## - CATALOGING SOURCE
Transcribing agency GE_BSU
080 ## - UNIVERSAL DECIMAL CLASSIFICATION NUMBER
Universal Decimal Classification number 338.22(075.8)
100 ## - MAIN ENTRY--PERSONAL NAME
Personal name შენგელია, თეიმურაზ
245 ## - TITLE STATEMENT
Title გლობალური ბიზნესი=Global business
245 ## - TITLE STATEMENT
Statement of responsibility, etc. რედ. რევაზ გველესიანი
260 ## - PUBLICATION, DISTRIBUTION, ETC.
Place of publication, distribution, etc. თბილისი
260 ## - PUBLICATION, DISTRIBUTION, ETC.
Name of publisher, distributor, etc. უნივერსალი
260 ## - PUBLICATION, DISTRIBUTION, ETC.
Date of publication, distribution, etc. 2013
300 ## - PHYSICAL DESCRIPTION
Extent 639გვ.23სმ.
300 ## - PHYSICAL DESCRIPTION
Accompanying material ბიბლიოგრ.: გვ. 628-639
653 ## - INDEX TERM--UNCONTROLLED
Uncontrolled term გლობალური ბიზნესი
653 ## - INDEX TERM--UNCONTROLLED
Uncontrolled term ეკონომიკა
942 ## - ADDED ENTRY ELEMENTS (KOHA)
Koha item type წიგნი
ეგზემპლარები
Withdrawn status Lost status Damaged status Not for loan Date acquired Barcode Date last seen Price effective from Koha item type
        2018-12-17 47721 2018-12-17 2018-12-17 წიგნი
        2018-12-17 47722 2018-12-17 2018-12-17 წიგნი
        2018-12-17 47723 2018-12-17 2018-12-17 წიგნი
        2018-12-17 47724 2018-12-17 2018-12-17 წიგნი